| 000 | 00838nam a2200205Ia 4500 | ||
|---|---|---|---|
| 003 | 0 | ||
| 005 | 20250131110244.0 | ||
| 008 | 150126s9999 xx 000 0 und d | ||
| 050 |
_aPHS RC 569.5.B37 _b.M562 2014 |
||
| 100 | _aMerino, Marie Francesca Therese T. | ||
| 245 | 4 |
_aThe relationship of social coping behavior of battered women and their social environment / _cMarie Francesca Therese T. Merino. |
|
| 260 |
_aLas PiƱas City, Philippines : _bSouthville International School and Colleges, _c2014. |
||
| 300 |
_a56 pages : _billustration ; _c28 cm. |
||
| 504 | _aIncludes bibliographical references. | ||
| 650 |
_aSocial environment _vPsychological aspects. |
||
| 650 |
_aBattered women _vPsychology. |
||
| 650 |
_aBattered women _vSocial conditions. |
||
| 650 |
_aWomen _vViolence against _xCoping mechanisms. |
||
| 942 |
_2lcc _cPASS |
||
| 999 |
_c278663 _d278663 |
||